00665nam a2200229Ia 4500003000400000005001700004008004100021020002200062040000700084041000800091082001500099100003000114245001600144260003900160300001200199365001200211650002800223906001100251942001200262999001900274952014200293OSt20230523142151.0210423s2012 xx 000 0 und d a978-81-8468-277-9 cAL aeng a823.8 KIPJ aKIPLING (RUDYARD)9111323 aJungle book aBangalorebMasters Mind Bookc2012 a136bPB b80cINR aEnglish Fiction9111324 aJungle 2ddccBK c167950d167950 001040708GENaSACPGbSACPGd2016-11-11eNavakarnatakag80.00l1o823.8 KIPJpPG014452r2023-08-24 00:00:00s2023-08-22w2021-04-26yBK